| 000 | 01273cam a2200301 a 4500 | ||
|---|---|---|---|
| 001 | 1493319 | ||
| 005 | 20030910190239.0 | ||
| 008 | 880630s1989 nyua b 001 0 eng | ||
| 010 | _a 88022724 | ||
| 020 | _a09788126517800 | ||
| 040 |
_aDLC _cDLC _dDLC |
||
| 050 | 0 | 0 |
_aTJ211.4 _b.S66 1989 |
| 082 | 0 | 0 |
_a629.892 _219 _bSPO |
| 100 | 1 |
_aSpong, Mark W. _911500 |
|
| 245 | 1 | 0 |
_aRobot dynamics and control / _cMark W. Spong, M. Vidyasagar. |
| 260 |
_a[New Delhi] : _bWiley, _cc2004. |
||
| 300 |
_axvi, 336 p. : _bill. ; _c24 cm. |
||
| 500 | _aIncludes Index. | ||
| 504 | _aIncludes bibliographies and index. | ||
| 650 | 0 |
_aRobots _xDynamics. _911501 |
|
| 650 | 0 |
_aRobots _xControl systems. _911502 |
|
| 700 | 1 |
_aVidyasagar, M. _q(Mathukumalli), _d1947- _911503 |
|
| 856 | 4 | 2 |
_3Publisher description _uhttp://www.loc.gov/catdir/description/wiley031/88022724.html |
| 856 | 4 |
_3Table of Contents _uhttp://www.loc.gov/catdir/toc/onix01/88022724.html |
|
| 942 |
_2ddc _cBB |
||
| 999 |
_c13420 _d13420 |
||